| 000 | 01151nam a22002177a 4500 | ||
|---|---|---|---|
| 005 | 20251022104737.0 | ||
| 010 | _aHIN-130007 | ||
| 020 | _c350.00 | ||
| 035 | _aHN-102353 | ||
| 037 | _bDBAD | ||
| 082 | _a230.21 | ||
| 100 |
_aविद्यालंकार , आचार्य अभयदेव _985514 |
||
| 245 |
_aवैदिक विनय / _cआचार्य अभयदेव विद्यालंका एवं आचार्य ब्र. नंदकिशोर |
||
| 260 |
_aदिल्ली _bवैदिक साहित्य प्रतिष्ठान |
||
| 270 |
_aगणेशदास गरिमा गोयल, 1967/1, भोला नाथ नगर, दिल्ली _bदिल्ली _e110032 _k9212458841 |
||
| 300 |
_a428पृ. _c22 सेमी (सजिल्द) |
||
| 490 | _v230.21 | ||
| 700 |
_aविद्यालंकार , आचार्य अभयदेव _983348 |
||
| 700 |
_aनंदकिशोर, आचार्य ब्र द्वारा संपादित _983349 |
||
| 942 |
_2ddc _cHN _h230.21 _mविद्यालं |
||
| 999 |
_c212617 _d212617 |
||